000 01189nam a2200325 a 4500
001 3549130
003 ARRUPE
005 20160504121917.0
008 960321s1995 sa a b 000 0 eng d
010 _a 97128036
020 _a1868142647
035 _a(OCoLC)34428846
040 _aICU
_cICU
_dDLC
042 _alccopycat
043 _af-sa---
050 0 0 _aPR9366.6
_b.A8 1995
082 0 0 _a822
_221
100 _aMartin Orkin (ed.)
_924335
245 0 0 _aAt the Junction :
_bfour plays by the Junction Avenue Theatre Company /
_cedited and introduced by Martin Orkin.
260 _aJohannesburg :
_bWitwatersrand University Press,
_c1995.
300 _a300 p.;
_bill. ;
_c22 cm.
504 _aIncludes bibliographical references (p. 297-300).
505 0 _aThe fantastical history of a useless man -- Randlords and rotgut -- Sophiatown -- Tooth and nail.
650 0 _aSouth African drama (English)
_924336
651 0 _aSouth Africa
_xDrama.
_924337
710 2 _aJunction Avenue Theatre Company.
_924339
906 _a7
_bcbc
_ccopycat
_d3
_encip
_f19
_gy-gencatlg
942 _2lcc
_cMONOGRAPH
999 _c124791
_d124791